02647nam a2200337uu 4500001000800000005001700008007001000025008004100035035001200076040001300088041000800101100005500109245007200164260004300236300001300279520126200292650004201554650003001596650004601626650004801672650004001720700005601760700004901816700004801865700005001913856006101963942001002024999001902034500013202053952012402185104863820260507082431.0co|||||||070925s2007 spa  a1048638 ccomduadb aspa10aFernández Sánchez, Elizabeth4auteaut959004210aHerramientas evaluativas para elaborar y organizar pruebas escritas aMedellín :b[sin publicador],c2007. a1 CD-ROM3 aEl presente trabajo de investigación se enfoca en determinar si los enunciados que se presentan en las pruebas escritas elaboradas por los docentes de décimo y once grado, de la Institución Educativa Concejo de Medellín, son acordes con los objetivos planteados por éstos; además, se establece cuáles son las relaciones existentes entre los objetivos de las Evaluaciones de Matemáticas en los programas de décimo y onceavo grado y los objetivos evaluados en las pruebas escritas; incluyendo lo que se espera encontrar frente a las relaciones entre los objetivos evaluados en las pruebas escritas y los ejercicios utilizados para ellos y las relaciones entre los ejercicios formulados por cada docente en las pruebas escritas y el tiempo asignado para su resolución. Para darle respuesta a dicho problema se procedió a realizar una encuesta a los alumnos de los grados décimo y once, una entrevista a los docentes de los respectivos grados y un análisis de las pruebas escritas elaboradas por cada uno de los docentes de estos grados; luego se hizo un análisis exhaustivo del diseño metodológico y finalmente se propone un instrumento para la elaboración de una prueba escrita y un software para organizar pruebas escritas. 7aEvaluación académica2lemb914038 aExamenes escritos9110315 aIndicadores de logros curriculares949210 aProgramas para computador educativos975126 aLicenciatura en educación918108810aSaldarriaga Restrepo, Jorge Mario4auteaut943988710aPorras Vanegas, Juan David4auteaut958719010aValverde Ramirez, Lourdes4thseths929949610aZapata Correa, Alvaro David4thseths94064764 uhttps://bibliotecadigital.udea.edu.co/handle/10495/27603 cTESIS c439836d439836 aTesis (Licenciatura en Matemáticas y Física). Universidad de Antioquia. Facultad de Educacion - Título del grado otorgado 001040708DIGITALaCEDEDbCEDEDd2007-09-25iC965729l0oO/0042p0597598r2023-04-27 00:00:00t1w2023-04-27yDIGITAL